चोधारानी / (Record no. 111682)

MARC details
000 -LEADER
fixed length control field 01012nam a22002537a 4500
005 - DATE AND TIME OF LATEST TRANSACTION
control field 20170124102927.0
010 ## - LIBRARY OF CONGRESS CONTROL NUMBER
LC control number B-176914
020 ## - INTERNATIONAL STANDARD BOOK NUMBER
Terms of availability 00.00
035 ## - SYSTEM CONTROL NUMBER
System control number B-176914
037 ## - SOURCE OF ACQUISITION
Source of stock number/acquisition Cen Lib/Ret
040 ## - CATALOGING SOURCE
Original cataloging agency DPL
Language of cataloging HN
082 ## - DEWEY DECIMAL CLASSIFICATION NUMBER
Classification number
Item number नागेश्व
100 ## - MAIN ENTRY--PERSONAL NAME
Personal name नागेश्वर प्रसाद सिंह
9 (RLIN) 197
245 ## - TITLE STATEMENT
Title चोधारानी /
Statement of responsibility, etc नागेश्वर प्रसाद सिंह
246 ## - VARYING FORM OF TITLE
Title proper/short title Chodharani /
Remainder of title by Nageshvar Prasad Singh
260 ## - PUBLICATION, DISTRIBUTION, ETC. (IMPRINT)
Place of publication, distribution, etc नयी दिल्ली
Name of publisher, distributor, etc जानकी प्रकाशन
Date of publication, distribution, etc 1998
270 ## - ADDRESS
Address गंज्मीरखन, दरयागंज
City नयी दिल्ली
Postal code 110002
300 ## - PHYSICAL DESCRIPTION
Extent 260पृ.
Dimensions 20सेमी(सजिल्द)
650 ## - SUBJECT ADDED ENTRY--TOPICAL TERM
Topical term or geographic name as entry element हिंदी साहित्य
9 (RLIN) 44067
650 ## - SUBJECT ADDED ENTRY--TOPICAL TERM
Topical term or geographic name as entry element हिंदी उपन्यास
9 (RLIN) 44068
650 ## - SUBJECT ADDED ENTRY--TOPICAL TERM
Topical term or geographic name as entry element Hindi literature
9 (RLIN) 44069
650 ## - SUBJECT ADDED ENTRY--TOPICAL TERM
Topical term or geographic name as entry element Hindi fiction
9 (RLIN) 27248
942 ## - ADDED ENTRY ELEMENTS (KOHA)
Source of classification or shelving scheme Dewey Decimal Classification
Koha item type Hindi Books
Classification part
Call number suffix नागेश्व
Holdings
Withdrawn status Lost status Damaged status Not for loan Home library Current library Date acquired Source of acquisition Cost, normal purchase price Total Checkouts Full call number Barcode Date last seen Date checked out Copy number Cost, replacement price Price effective from Koha item type Source of classification or shelving scheme Collection code Shelving location Total Renewals
        Central Library Central Library 05/08/2015 Cen Lib/Ret 0.00 1 उ नागेश्व B-176914 02/01/2020 21/12/2019 1 0.00 05/08/2015 Hindi Books        
        Patel Nagar Patel Nagar 22/11/2018 BPPD/PUB 0.00 2 उ नागेश्व B-176918 07/05/2022 09/04/2022   0.00 22/11/2018 Hindi Books Dewey Decimal Classification Fiction General Stacks 1

© Delhi Public Library
Hit Counter
free hit counter